[Event "Corus"]
[Site "Wijk aan Zee"]
[Date "2010.01.19"]
[Round "4"]
[White "Anand, Viswanathan"]
[Black "Nakamura, Hikaru"]
[Result "1/2-1/2"]
[WhiteElo "2790"]
[BlackElo "2708"]
[Annotator "Marin,M"]
[PlyCount "66"]
[EventDate "2010.01.16"]
[EventType "tourn"]
[EventRounds "13"]
[EventCountry "NED"]
[EventCategory "19"]
[SourceTitle "CBM 135"]
[Source "ChessBase"]
[SourceDate "2010.03.17"]
[SourceVersion "1"]
[SourceVersionDate "2010.03.17"]
[SourceQuality "1"]

1. d4 f5 2. g3 Nf6 3. Bg2 g6 4. Nf3 Bg7 5. O-O O-O 6. b4 Nc6 $5 {Nakamura had
a recent game against this type of plan, but with different move order. He
deviates now slightly, although the structure in the centre will become
similar to his previous game soon.} ({In case of} 6... c6 7. Bb2 Ne4 8. c4 d5 {
play would transpose to Grischuk,A (2736)-Nakamura,H (2708)/Bursa 2010/CBM 134/
[Marin] (1/2, 42).}) 7. a3 d5 8. Bb2 Ne4 9. Nbd2 Be6 10. e3 a5 11. b5 Na7 12.
Qe2 a4 13. Rfc1 c6 14. bxc6 bxc6 15. c4 Nc8 16. Bc3 Ncd6 17. cxd5 Nxc3 18. Rxc3
Bxd5 19. Ne5 Bxg2 20. Kxg2 Bxe5 21. dxe5 Qa5 22. Rac1 Qxe5 23. Rxc6 Qb2 24. Qd3
Rfd8 25. R1c2 Qb5 26. Qxb5 Nxb5 27. Nb1 Rd3 28. Nc3 Nxc3 29. R2xc3 Rdd8 30. Rb6
Kf7 31. Rb4 Rd2 32. Rcc4 Rd3 33. Rxa4 Rxa3 1/2-1/2

[Event "Grand Slam Final 3rd"]
[Site "Bilbao"]
[Date "2010.10.09"]
[Round "1"]
[White "Shirov, Alexei"]
[Black "Anand, Viswanathan"]
[Result "1/2-1/2"]
[WhiteElo "2749"]
[BlackElo "2800"]
[Annotator "CB"]
[PlyCount "81"]
[EventDate "2010.10.09"]
[EventType "tourn"]
[EventRounds "6"]
[EventCountry "ESP"]
[EventCategory "22"]
[SourceTitle "CBM 139"]
[Source "ChessBase"]
[SourceDate "2010.11.18"]
[SourceVersion "1"]
[SourceVersionDate "2010.11.18"]
[SourceQuality "1"]

1. e4 e5 2. Nf3 Nc6 3. Bb5 Nf6 4. O-O Nxe4 5. d4 Nd6 6. Bxc6 dxc6 7. dxe5 Nf5
8. Qxd8+ Kxd8 9. Nc3 Ke8 10. h3 h5 11. b3 {Though b3 is not an unusual idea in
the Berlin, it is normally played in the place of h3.} Be7 12. Bb2 Be6 13. Rad1
a5 14. a4 b6 15. Ne4 c5 16. c4 Rd8 17. Rxd8+ Kxd8 18. Rd1+ Kc8 19. Kf1 Rd8 {
The last major pieces come off, and the draw is clearly on the horizon.} 20.
Rxd8+ Kxd8 21. Ke2 Ke8 22. Kd3 Bd8 23. Bc1 f6 24. g4 hxg4 25. hxg4 Nd4 26. Nxd4
cxd4 27. exf6 gxf6 28. g5 c5 29. Nxf6+ Bxf6 30. gxf6 Bf5+ 31. Kd2 Bb1 32. Kd1
d3 {#} 33. Kd2 (33. Bf4 Bc2+ 34. Kd2 Bxb3 35. Bc7 Kf7 36. Kxd3 Bxa4 37. Bxb6
Kxf6 {would be much the same as the game, albeit by a different move order.})
33... Kf7 34. Kc3 Kxf6 35. Bf4 Ke6 36. Bc7 Ba2 37. Bxb6 Kd6 38. Bxa5 d2 39.
Kxd2 Bxb3 40. Kd3 Bxa4 41. Ke4 1/2-1/2

[Event "Nanjing Pearl Spring 3rd"]
[Site "Nanjing"]
[Date "2010.10.20"]
[Round "1"]
[White "Anand, Viswanathan"]
[Black "Wang, Yue"]
[Result "1/2-1/2"]
[WhiteElo "2800"]
[BlackElo "2732"]
[Annotator "Edouard,R"]
[PlyCount "64"]
[EventDate "2010.10.20"]
[EventType "tourn"]
[EventRounds "10"]
[EventCountry "CHN"]
[EventCategory "21"]
[SourceTitle "CBM 139"]
[Source "ChessBase"]
[SourceDate "2010.11.18"]
[SourceVersion "1"]
[SourceVersionDate "2010.11.18"]
[SourceQuality "1"]
[TimeControl "40/7200:20/3600:900+30"]

1. d4 d5 2. c4 c6 3. Nc3 Nf6 4. e3 g6 $5 5. Nf3 Bg7 6. Be2 O-O 7. O-O b6 $5 8.
a4 $5 {A rare move.} a5 9. cxd5 Nxd5 10. e4 Nb4 11. Be3 $146 Bg4 12. h3 Bxf3
13. Bxf3 N8a6 14. d5 {White has to go for this kind of moves at some point, in
order to open the game and take advantage of the two bishops. But Black is
extremely solid anyway.} Nc5 15. Qe2 Qe8 $5 (15... cxd5 16. exd5 Rc8 17. Rfd1 {
would be slightly better for White, though Black is, once again, very solid.
But slowsly White will be able to improve his position.}) 16. Rfd1 Rc8 17. dxc6
{This moves is quite logical. Somehow I feel like the best way to try to
punish Black for his slightly awkward play (...Qe8) would be to keep the
tension. The problem is that I don't see know (not so easy to find a plan for
White without taking on c6). So let's say the next move is fine!} Qxc6 18. e5
Qc7 19. Bf4 (19. Bg4 {followed by f4 is also possible, but I believe after} e6
20. f4 Rcd8 21. Kh2 $5 Rxd1 22. Rxd1 Rd8 23. Nb5 Qb8 {Black should get a draw.}
) 19... Ne6 (19... Rcd8 $5) 20. Bg3 Rfd8 21. Bg4 Qc6 22. Nb5 Qc2 23. Qxc2 Rxc2
24. Bxe6 Rxd1+ 25. Rxd1 fxe6 26. Nd4 Rxb2 27. Nxe6 Bh6 28. Rd8+ (28. Rd7 $1 Kf7
29. Nd8+ Kf8 (29... Ke8 $2 30. e6 Rb1+ 31. Kh2 Re1 32. Rb7 {would be bad for
Black, due to Rb8-mate problems (White is threatening Nf7).}) 30. e6 Rb1+ 31.
Kh2 Re1 32. h4 (32. Nf7 Bc1 $8 33. Ne5 Bb2 $8 34. Nc4 Bf6 35. Rd8+ Kg7 36. Nxb6
Rxe6) 32... Re4 33. f3 Rc4 34. Kh3 {and I believe White has some chances.})
28... Kf7 29. Nd4 Nc2 30. Nc6 Nb4 31. Nd4 Nc2 32. Nc6 Nb4 1/2-1/2

[Event "Nanjing Pearl Spring 3rd"]
[Site "Nanjing"]
[Date "2010.10.24"]
[Round "5"]
[White "Anand, Viswanathan"]
[Black "Gashimov, Vugar"]
[Result "1/2-1/2"]
[WhiteElo "2800"]
[BlackElo "2719"]
[Annotator "Moradiabadi,E"]
[PlyCount "50"]
[EventDate "2010.10.20"]
[EventType "tourn"]
[EventRounds "10"]
[EventCountry "CHN"]
[EventCategory "21"]
[SourceTitle "CBM 139"]
[Source "ChessBase"]
[SourceDate "2010.11.18"]
[SourceVersion "1"]
[SourceVersionDate "2010.11.18"]
[SourceQuality "1"]

{An uneventful game for the two players who had had a poor 4th round in
Nanjing. The reigning world champion failed to find a fantastic save, shown
later by Dr. Karsten Mueller, and suffered an upset, while Gashimov, who had
been squeezing Carlsen for most of the game and had even had him on the ropes,
somehow failed to convert his advantage into the full point. Both players were
recovering from the shock of the previous day.} 1. d4 d5 2. c4 c6 3. Nc3 Nf6 4.
e3 g6 5. Nf3 {This line is becoming quite popular in Nanjing!} Bg7 6. Be2 O-O
7. O-O Bg4 8. cxd5 (8. b3 {was famed Blackburne's choice back in 1887! However,
in spite of its historical value, this is considered typical and even
detrimental according to modern theory.}) 8... cxd5 9. Qb3 b6 10. h3 Bc8 $5 {
An odd choice by Gashimov.} (10... Bxf3 11. Bxf3 e6 12. Bd2 {might give White
better prospects due to his bishop pair.}) 11. Bd2 Nc6 12. Ne5 Bb7 13. Nxc6
Bxc6 14. Rfc1 Qd7 15. a4 Rfc8 {Black has now successfully completed his
development. The position is about equal and Gashimov's only care is the
positional maneuvers which he handled accurately.} 16. a5 bxa5 17. Rxa5 e6 18.
Rca1 Bf8 19. Qa2 Rcb8 20. Nd1 Ne4 21. Be1 Rb7 22. Ba6 Rb6 23. Bd3 Rb7 24. Ba6
Rb6 25. Bd3 Rb7 1/2-1/2

[Event "Nanjing Pearl Spring 3rd"]
[Site "Nanjing"]
[Date "2010.10.28"]
[Round "8"]
[White "Anand, Viswanathan"]
[Black "Topalov, Veselin"]
[Result "1/2-1/2"]
[WhiteElo "2800"]
[BlackElo "2803"]
[Annotator "Edouard,R"]
[PlyCount "61"]
[EventDate "2010.10.20"]
[EventType "tourn"]
[EventRounds "10"]
[EventCountry "CHN"]
[EventCategory "21"]
[SourceTitle "CBM 139"]
[Source "ChessBase"]
[SourceDate "2010.11.18"]
[SourceVersion "1"]
[SourceVersionDate "2010.11.18"]
[SourceQuality "1"]
[TimeControl "40/7200:20/3600:900+30"]

1. d4 Nf6 2. c4 e6 3. Nf3 d5 4. g3 Bb4+ 5. Bd2 Be7 6. Bg2 O-O 7. O-O c6 8. Qc2
b6 9. Rd1 Nbd7 10. Bf4 Ba6 (10... Bb7 {is also possible - of course.}) 11. cxd5
cxd5 12. Ne5 $5 $146 (12. Nc3 {had been played few times.}) 12... Nxe5 $5 {
I'm near by putting a new "N" after this move, as this is actually the move
showing a new idea!} (12... Rc8 13. Nc6 $1 {has actually already been played
with another move order. White gains the bishop pair, but the practise has
showed no problem at all for Black. So probably some new ideas were coming in
case this position would happen!}) 13. dxe5 Rc8 14. Nc3 Ng4 15. h3 {Maybe this
move can be improved, though I doubt it.} Nxf2 $1 16. Kxf2 Bc5+ 17. Be3 (17.
Ke1 f6 $1 {offers Black big compensations. Somehow, it is better to bring
White's king to e3 for one move and then remove it, rather than hiding it
forever on e1. Here probably Black would even be much better.}) 17... Bxe3+ 18.
Kxe3 b5 ({Another computer line is:} 18... f6 19. Kf2 b5 20. Qd2 b4 21. Nxd5
fxe5+ 22. Ke1 exd5 23. Qxd5+ Qxd5 24. Bxd5+ Kh8 25. Rac1 $14 {and White enjoys
some space advantage.}) 19. Qd3 Rc4 20. Nxd5 exd5 21. Bxd5 Qg5+ $6 {This
simply looks wrong or too optimistic - still, that's why we like Topalov's
games!} (21... Qb6+ 22. Kf3 Rc5 {was probably the best chance, not so far from
equalizing, for instance:} 23. e4 Qc7 24. Qe3 Bc8 $1 25. Qf4 Be6 {with
"drawing counterplay".}) 22. Kf2 Qxe5 $6 {The logical continuation now. But
probably not the best.} 23. Bxc4 bxc4 24. Qd6 $6 (24. Qd4 $1 {might give White
good winning chances, for instance:} Qe6 $5 (24... Qh5 25. h4 {doesn't help.})
(24... Qf5+ 25. Kg2 Bb7+ (25... Re8 26. Rd2) 26. Kh2 {and White's queen has
control of the f2-square. I believe this kind of position should be
technically winning for White, as his king is not in the drafts anymore.}) 25.
g4 (25. h4 $5) 25... c3 $5 26. bxc3 $1 Qxe2+ 27. Kg3 Bb7 28. Rd2 Qe7 29. c4 $16
{Here some engines give a "+/-" evaluation, some other a decisive advantage. I
believe the reality is inbetween. This should be technically winning but
White's weak king gives Black some chances to draw.}) 24... Qf5+ 25. Ke1 Qxh3
$1 {Now Black draws.} 26. Qxa6 Qxg3+ 27. Kd2 Qf4+ 28. Kc2 Qe4+ 29. Kc1 Qe3+ 30.
Kb1 Qe4+ 31. Kc1 {An exciting game!} 1/2-1/2

[Event "London Classic 2nd"]
[Site "London"]
[Date "2010.12.08"]
[Round "1"]
[White "Anand, Viswanathan"]
[Black "Nakamura, Hikaru"]
[Result "1/2-1/2"]
[WhiteElo "2804"]
[BlackElo "2741"]
[Annotator "Kritz,L"]
[PlyCount "147"]
[EventDate "2010.12.06"]
[EventType "tourn"]
[EventRounds "7"]
[EventCountry "ENG"]
[EventCategory "19"]
[SourceTitle "CBM 140"]
[Source "ChessBase"]
[SourceDate "2011.01.18"]
[SourceVersion "1"]
[SourceVersionDate "2011.01.18"]
[SourceQuality "1"]

1. e4 e5 2. Nf3 Nc6 3. Bb5 Nf6 4. O-O Nxe4 5. d4 Nd6 6. Bxc6 dxc6 7. dxe5 Nf5
8. Qxd8+ Kxd8 9. Nc3 Bd7 10. h3 h6 11. b3 (11. Bf4 $5 Kc8 12. Rad1 $1 (12. a3
$2 {ist einfach zu langsam.} b6 13. Rad1 Ne7 14. Rfe1 c5 $132 {Motylev -
Ponomariov (Motril, 2008). Schwarz plant Bc6-Kb7 mit guter Stellung.}) 12... b6
13. Rd3 Be6 14. Rfd1 Kb7 15. b3 $14 {und Schwarz hatte Probleme mit seiner
Entwicklung in Anand - Topalov (Monte Carlo, 2005).}) 11... Kc8 (11... c5 $5 {
Dieser Zug wird selten gespielt, doch er ist nicht viel schlechter als die
Partiefortsetzung.} 12. Rd1 ({Betrachtung verdient} 12. Bb2 $5 {mit der Idee,
den anderen Turm nach d1 zu stellen. Womöglich hat Schwarz die Möglichkeit 12..
..Nd4!?} Nd4 13. Nxd4 (13. Rad1 Nxf3+ 14. gxf3 Kc8 15. Kg2 Be6 $15 {Schwarz
kann nur besser stehen.}) 13... cxd4 14. Ne4 c5 15. c3 $1 {Man muss dynamisch
spielen, ansonsten wird man einfacht schlecht stehen.} dxc3 16. Bxc3 Kc7 17.
Rad1 Be7 18. Nd6 Bxd6 $3 (18... Be6 19. f4 g6 20. Nxf7 $3 Bxf7 21. e6 Bxe6 22.
Bxh8 Rxh8 23. Rfe1 $18) 19. exd6+ Kc6 20. Bxg7 Rhg8 21. Be5 Bxh3 22. Bg3 Be6
$11 {Es sieht so aus, dass Schwarz sich halten kann.}) 12... Kc8 {Es ist
offensichtlich, dass mit dieser Zugfolge Schwarz etwas gewonnen hat, nämlich
dass der weiße Turm a1 nicht so leicht ins Spiel kommt.} 13. a4 (13. Bb2 Be6
14. Nd5 g5 15. c4 b6 16. Rd2 Kb7 17. Rad1 Ne7 18. Nf6 {1/2-1/2 Motylev - Zhou
Jianchao (Ningbo, 2010)}) 13... a5 14. Nd5 ({Auch nichts bringt} 14. g4 Ne7 15.
Rd3 Bc6 $1 $11 ({Aber nicht} 15... g5 $2 16. Bxg5 $1 hxg5 17. Rad1 $18)) 14...
g5 $1 {Schwarz kann das Feld f6 aufgeben - der weiße Springer wird hübsch
aussehen und keine Beschäftigung haben.} 15. Bb2 Be6 {Der Läufer e6 ist
unantastbar - die Felder d4 und f4 sind beide unter Kontrolle der schwarzen
Bauern.} 16. c4 b6 $132 {Svidler (2735) - Ponomariov (Astrakhan, 2010)}) 12.
Bb2 b6 13. Rad1 Ne7 {Dies gilt als Hauptzug, eine gute Alternative ist ...c5.
Weiß hat nun mehrere Fortsetzungsmöglichkeiten.} (13... c5 14. Rfe1 ({Nach} 14.
Nd5 a5 $1 15. a4 c4 $1 {wurde Weiß praktisch gezwungen, den Bauer zu opfern:}
16. e6 fxe6 17. Nf4 cxb3 18. cxb3 Bd6 19. Ng6 Rg8 20. Nfe5 Be8 $15 {, wonach
Schwarz eindeutig besser stand in Stellwagen - Efimenko (Wattenscheid, 2008).})
14... a5 $5 $146 {Der Zug ist vielleicht nicht schlecht, aber mir gefällt die
sofortige Überführung des Springers nach g6 besser.} (14... Ne7 {Die
Überführung des Springers nach g6 ist ein typisches Manöver - von dort aus
kontrolliert er das Feld f4.} 15. Nd2 (15. Ne2 Ng6 $11 {Leko - Jakovenko 
(Jermuk, 2009)}) 15... Be6 16. Nde4 c4 17. Kh2 cxb3 18. cxb3 Ng6 19. Nb5 Bd7
20. Nec3 Bc5 21. Ba3 Bxa3 22. Nxa3 Re8 $11 {Motylev - Volokitin (Wijk aan Zee,
2009)}) 15. a4 {Weiß kann vielleicht Schwarz erlauben, a4 zu spielen.} (15. g4
$5 Ne7 16. Nd2 h5 17. f3 a4 18. Kg2 $14) 15... Ne7 {Nachdem die Züge a5 und a4
gespielt wurden, ist es sogar noch besser für Schwarz.} 16. Ne2 Ng6 $132 {
und Schwarz hatte gutes Gegenspiel in Motylev - Ponomariov (Khanty-Mansiysk,
2009).}) 14. Rfe1 (14. Rd2 c5 15. Rfd1 Be6 16. Ne2 g5 $132 {Anand - Kramnik 
(Mainz, 2001)}) (14. Ne2 Ng6 15. Ng3 (15. Ne1 h5 16. Nd3 c5 17. c4 a5 18. a4 h4
$11 {Kasparov - Kramnik (London, 2000)}) 15... Nf4 16. Nd4 a5 17. a4 b5 18. Kh2
bxa4 19. bxa4 Nd5 20. Rd3 Nb6 $132 {Shirov - Kramnik (Astana, 2001)}) (14. Nd4
$5 c5 15. Nde2 a5 16. Rd2 Nc6 17. Rfd1 Be6 18. Nf4 Bf5 19. g4 $1 $16 {Efimenko
- Naiditsch (Subotica, 2008)}) 14... c5 15. Ne2 Ng6 16. h4 $2 {Erstaunlich. Es
gab schon eine Partie, in der Weiß h4 gezogen hat und überhaupt nichts hatte.
Die Schwächung der weißen Felder darf man nicht zulassen, selbst wenn der
Computer die Stellung als gut bewertet!} (16. Ng3 $5 Be6 (16... Bc6 $6 17. Re3
Kb7 (17... Be7 $2 18. Nf5 $14) 18. e6 $14) 17. Nh5 Rg8 18. g4 Be7 $132) 16...
Be7 {Eine Neuerung, unklar wozu man sie braucht, wenn Schwarz nach 16...Bg4
besser steht?!} (16... Bg4 $1 {Die nächsten Züge sind forciert, Weiß landet in
einem schlechten Endspiel.} 17. Nh2 (17. Rd3 $2 {hat keine selbstständige
Bedeutung, Weiß kann sowieso kein h5 spielen.} Kb7 $15) 17... Bxe2 18. Rxe2
Nxh4 {Schwarz will nun Rg8-g5-Bg7 spielen.} 19. Re4 Be7 20. e6 (20. g3 Ng6 21.
e6 f5 22. Ree1 Rg8 23. Rd7 Kb7 $15 {Die weiße Initiative kompensiert nicht den
Bauern.}) 20... fxe6 21. Rxe6 (21. Bxg7 $2 Rg8 $17) 21... Bd6 22. Bxg7 Rg8 23.
Rxh6 (23. Bxh6 $4 Rxg2+ 24. Kf1 Rxh2 25. Re8+ Kb7 $19) 23... Nxg2 24. Kxg2
Rxg7+ 25. Kf1 Kb7 $15 {Leko - Jakovenko (Jermuk, 2009). Schwarz hat klar die
besseren Aussichten. Bei richtigem Spiel muss sich Weiß jedoch verteidigen
können.}) 17. e6 {Eine interessante Abwicklung. Weiß bekommt am Ende das etwas
bessere Endspiel, doch es ist fraglich, ob es gewonnen ist.} (17. h5 $5 Nh4 (
17... Nf8 18. Nf4 Bg4 19. Kh2 Bxf3 20. gxf3 Kb7 21. Nd5 Bd8 22. f4 $14) 18.
Nxh4 Bxh4 19. e6 Bxe6 20. Bxg7 Rh7 21. Bc3 Kb7 $11 {und die schwarze Stellung
ist in Ordnung.}) 17... Bxe6 (17... fxe6 $2 18. h5 (18. Bxg7 Rh7 19. Bc3 Nxh4
20. Nxh4 Bxh4 21. Nf4 Kb7 22. Nxe6 Bc6 $132) 18... Nh4 19. Nxh4 Bxh4 20. Bxg7
Rh7 21. Be5 $16) 18. h5 $1 {Man kann auf g7 nicht gleich nehmen, weil der
Bauer h4 hängt.} (18. Bxg7 Rg8 $1 {Stärker als 18...Rh7, weil von nun an
Schwarz auf Vorteil spielt.} (18... Rh7 19. Bc3 Nxh4 20. Nf4 $1 Nxf3+ 21. gxf3
Kb7 22. Nxe6 fxe6 23. Rxe6 $11) 19. Bxh6 Nxh4 20. Nxh4 Bxh4 21. Nf4 Bf5 $15)
18... Nh4 19. Nf4 $1 (19. Nxh4 Bxh4 20. Bxg7 Rh7 (20... Rg8 21. Bxh6 Rh8 22.
Bc1 Rxh5 23. Nf4 $18) 21. Bb2 Bg4 22. Rd5 Kb7 $11) 19... Nxf3+ 20. gxf3 {
Das Problem für Schwarz ist, dass seine Läufer gefesselt sind.} Bd6 (20... Bf6
21. Bxf6 gxf6 22. Nxe6 Rg8+ 23. Kf1 (23. Kh2 fxe6 24. Rxe6 Rg5 25. Rxf6 Rxh5+
26. Kg3 Kb7 $11) 23... fxe6 24. Rxe6 Rg5 25. Rxf6 Rxh5 26. f4 Kb7 27. Rd7 $14)
21. Nxe6 fxe6 22. Rxe6 Rf8 23. Bxg7 ({Vielleicht konnte man versuchen, auf
langzeitige Initiative zu spielen:} 23. Rd5 $5 Rf7 (23... Rxf3 24. Bxg7 $18)
24. Rg6 Bf8 25. Kg2 Kb7 26. Be5 Re8 27. f4 $14 {Offensichtlich hat Weiß einen
stabilen Vorteil, die schwierige Frage ist nun, wie man weiterkommt.}) 23...
Rf5 24. Re8+ {Es ist notwendig einen Turm zu tauschen, weil sonst der weiße
König unter Beschuss kommen wird.} (24. Rxh6 $4 Rg5+ $19) (24. Bxh6 Rxh5 25.
Kf1 (25. Re8+ {führt zu Zugumstellung, aber auch nicht weiter.}) 25... Kd7 26.
Rg6 Re8 $11) 24... Kb7 25. Rxa8 Kxa8 {Der andere Vorteil des Türmetausches ist,
dass der schwarze König nun so weit wie möglich vom Zentrum entfernt ist.} 26.
Bxh6 Rxh5 27. Be3 Kb7 28. c4 Kc6 29. Kg2 {Es gibt nichts Besseres. Weiß hat
die Absicht, mittels Rh1 die Türme zu tauschen, weil mit den Türmen seine
Chancen schlechter aussehen.} (29. f4 $2 Rf5 $11) (29. Rd3 a6 30. Kg2 Rh4 $11 {
/\b5 - es gibt kein Durchkommen für Weiß.}) 29... Rh2+ 30. Kf1 Rh1+ 31. Ke2
Rxd1 32. Kxd1 {Das entstehende Endspiel ist nun wirklich leicht zu halten: der
schwarze König kommt nach f5, Schwarz spielt a6-c6-b5, tauscht einen Bauer,
kann danach sogar den Bauern c5 aufgeben - der weiße König wird nicht in die
schwarze Stellung eindringen können.} Kd7 33. Bg5 Ke6 34. a4 c6 35. a5 $5 {
Weiß will a6 spielen, und den Bauern a7 fixieren, wonach er taktische Motive
wie Bd8-Bb6 haben wird.} bxa5 $1 {Richtige Entscheidung!} (35... Kf5 $4 36. Bd8
bxa5 37. Bxa5 Kf4 38. Ke2 $18 {Wenn die Bauern auf b3 und c4 stehen, ist das
Endspiel verloren. Wenn sie auf a4 und c4 stehen, dann ist es Remis.}) 36. Kc2
a4 $1 37. bxa4 Kf5 38. Be3 a6 $1 $11 {Nun kann Weiß machen was immer er will,
er wird die schwarzen Barrikaden nicht stürmen können.} 39. Kd3 Be7 40. Ke2 Bf8
41. Kf1 Be7 42. Kg2 Bd6 43. Kh3 Be7 44. Kg3 Bf6 $1 {Es ist viel wichtiger, dem
weißen König nicht zu erlauben, über die h-Linie bis nach h7 durchzukommen.} (
44... Bd6+ 45. Kh4 Be7+ 46. Kh5 Bd6 47. Kh6 Kf6 48. Kh7 Kf7 49. Bg5 Be5 50. Kh6
$18 {Der König kehrt zurück und Weiß kommt zu f4-f5.}) 45. Bxc5 Bd8 46. Be3 Be7
47. Kg2 Bd8 48. Kf1 Bc7 49. Ke2 Bd8 50. Kd3 Ba5 51. Kd4 Bb6+ 52. Kd3 Ba5 53.
Ba7 Be1 {Der weiße König kommt nicht nach d4 oder b4.} 54. Bb6 Kf4 {Schwarz
hat drei Felder für seinen König - e5, f5, und f4.} 55. Be3+ Ke5 56. Bc5 Kf4
57. Ke2 Ba5 58. Ba7 Kf5 59. Ke3 Be1 60. Bb6 Bc3 61. Bc7 Be1 62. Bd6 Bc3 63. f4
Be1 64. Be5 Ba5 65. Bd4 Bb4 66. Be5 Bc5+ 67. Bd4 Bb4 68. Ba7 Bc3 69. Kd3 Be1
70. Be3 Ba5 71. Kd4 Bb6+ 72. Kc3 Ba5+ 73. Kd3 Bc7 74. Kd4 1/2-1/2